| 000 | 01124aam a2200433a 44500 | ||
|---|---|---|---|
| 008 | 010125s2000 cat | ||
| 017 | _aB-47174-2000 | ||
| 020 | _a8493006467 | ||
| 041 | _acat | ||
| 041 | _beng | ||
| 041 | _bspa | ||
| 080 | _a544.52(038) | ||
| 100 |
_aBourdelande, J.L. _970124 |
||
| 245 | _aFotoquímica: Català, castellà, anglès | ||
| 245 | _cJosé Luis. Bourdelande | ||
| 260 | _a[Bellaterra] | ||
| 260 | _bInstitut Joan Lluís Vives | ||
| 260 | _bUniversitat Autònoma de Barcelona | ||
| 260 | _c2000 | ||
| 300 |
_a70 p. _c21 cm. |
||
| 365 | _b1.375 | ||
| 365 | _cptes | ||
| 490 | _aVocabulari Bàsic | ||
| 500 | _aBibliografia. Índexs | ||
| 500 | _aCategoria gramatical, sinònims, remissions, notes | ||
| 520 | _a520 | ||
| 591 | _a6917 | ||
| 592 | _aObra terminològica | ||
| 593 | _aBB | ||
| 594 | _a6917 | ||
| 650 |
_afotoquímica _962417 |
||
| 830 |
_aVocabulari Bàsic _967560 |
||
| 901 | _c<2000> | ||
| 902 | _a010125 | ||
| 942 |
_cMO _n0 |
||
| 999 |
_c60051 _d60051 |
||